000 00608nam a2200193Ii 4500
003 JO-AjNU
008 230605s9999||||xx |||||||||||||| ||und||
040 _aJO-AjNU
_bara
_erda
_cJO-AjNU
041 _aara
050 1 4 _aQD402.M462
100 3 _aمحمد ، مسلم عبد,
_eauthor
_915906
245 0 0 _aميكانيك الكم في الكيمياء
264 3 1 _aجامعة الموصل:وزارة البحث العلمي ، 1900
300 _a326ص
336 _atext
_btxt
_2rdacontent
337 _aunmediated
_bn
_2rdamedia
338 _avolume
_bnc
_2rdacarrier
650 4 _aالكيمياء
_915907
999 _aA4599
_c8167
_d8167